000 00838cam a2200265 4500
001 B2248
008 090401t1988 xxu||||| |||| 00| 0 eng d
035 _a(Sirsi) u48941
041 _aeng
050 _a333.0062
090 _aRICS 1989/6A
110 _aRoyal Institution of Chartered Surveyors
_94900
245 _aCorporate image research :report
260 _aLondon
_bHR & H Consensus Research International
_c1988
300 _a2v. ; 30cm.
350 _a0
520 _aPrepared by HR and H Consensus Research International . - NOT FOR LOAN AND NOT TO BE PHOTOCOPIED.
520 _aArchive copy has 2v, Ref copy only 1v - text only (v2 is graphics)
650 _aABOUT RICS-RICS MEMBERS
650 _aCONSENSUS REPORT
650 _aMARKETING
650 _aPROFESSIONAL SERVICES
942 _n0
948 _c04/03/1997
999 _c92439
_d92439